000 01216nam0a22002771 4500
001 rc\2879600
005 20250529213217.0
035 _a(NLR Aleph) 007032512
090 _a6017262
_c6017262
100 _a20110719d1928 |||y0rusy50 ca
101 0 _arus
102 _aRU
105 _aa z |||||
200 1 _aКалендарь профсоюзного физкультурника на 1928/29 год
210 _aМосква
_cкнигоизд-во ВЦСПС
_d1928
_g"Мосполиграф", 16-я тип.
215 _a228, [1] с., [8] л. для записей, [11] с. объявл.
_cил.
_d15х12 см
300 _aСост.: А. Иттин, И. Солоневич
300 _aВ коленкоровом переплете
320 _aБиблиогр.: "Что нужно прочесть физкультурнику" (на 6 с.)
702 1 _4720
_7ca
_8rus
_aИттин
_bА. Г.
_cжурналист, преподаватель физкультуры
_f1896-1937
_gАрон Григорьевич
_9191699
_3RU\NLR\AUTH\770191750
702 1 _aСолоневич
_bИ.
_4340
801 0 _aRU
_bNLR
_gpsbo
801 1 _aRU
_bELAR
_2rusmarc
852 _aNLR
_j58/194(2)
942 _cBOOK
980 _aNB